Responses for Show #6492 - Tuesday, December 4, 2012

Jason Shore game 5.

Contestants

[<< previous game]

Bryan Shilowich, a graduate student of neuroscience from Cambridge, Massachusetts

Jennifer North, an attorney from Jersey City, New Jersey

Jason Shore, a medical student from Plano, Texas (whose 4-day cash winnings total $85,200)

[next game >>]

Jeopardy! Round responses

DOUBLE "L" WORDS
OREGON
A BIT O' HONEY
ALSO A SEA
ITS REIGNING MEN
(Alex: We'll give you [*], you tell us the country they have ruled over.)
SOCCER
    $200 1
(Alex: What is [*]? That's a double "L" word. Obviously too tough for the first clue.)
[Contestants laugh]

pillage

Triple Stumper
    $200 14
Portland

Bryan
    $200 24
(Alex: [*] is right, with less a minute to go.)

ham

Bryan
    $200 16
Red

Jason
    $200 6
Japan

Jason
    $200 11
a corner kick

Jason
    $400 2
hull

Bryan
    $400 15
Salem

Jennifer
    $400 30
Graham crackers

Bryan
    $400 17
(Bryan: What is the Union?)
...
(Alex: Yes, [*] is the name of a sea, but there is no Union Sea--a lot of lakes and rivers and towns.)

the North

JasonBryan
    $400 7
Sweden

Bryan
    $400 12
a penalty kick

Jason
    $600 3
cellophane

Jennifer
    $600 23
Columbia

Jason
    $600 27
Rosh Hashanah

Jennifer
    $600 18
Caribbean

Jennifer
    $600 8
Poland

Jason
    $600 13
a banana

Bryan
    $800 4
billiards

Jennifer
    $800 25
the Willamette

Bryan
    $800 28
mustard

Jennifer
    $800 19
Arabian

Jason
    $800 9
Russia

Triple Stumper
    $800 21
Pelé

Jason
    $1000 5
fallow

Jason
    $1000 26
Hood

Bryan
    $1000 29
Drambuie

Triple Stumper
    $1000 20
(Alex: And there is an [*] Sea, of course.)

Irish

Jason
    $1,800 10
(Jason: What is Italy?)
(Alex: No, but you're close. What is [*]? The Grimaldi family ruling in Monaco for many centuries.)

Monaco

Jason
    $1000 22
nutmeg

Bryan

Scores at the first commercial break (after clue 13):

Jason Jennifer Bryan
$600 $1,400 $1,400

Scores at the end of the Jeopardy! Round:

Jason Jennifer Bryan
$4,400 $3,800 $4,600

Double Jeopardy! Round responses

NUCLEAR ENERGY
OSCAR-WINNING ACTRESSES
SUPREME COURT JUSTICES
PHOTOGRAPHERS
WORLD AUTHORS
"FOUR" LETTER WORDS
(Alex: But with a twist, because the word "four" will come up in each correct response.)
    $400 2
a half-life

Jason
    $400 1
Stella

Jason
    $400 19
(William Howard) Taft

Jason
    $400 24
the Beatles

Bryan
    $400 16
(Agatha) Christie

Bryan
    $400 7
fourscore

Jennifer
    $800 3
graphite

Jason
    $800 8
Gone with the Wind

Jennifer
    $800 20
John Paul Stevens

Jason
    $800 25
the (Miami) Herald

Jason
    $800 17
Colleen McCullough

Triple Stumper
    $800 12
the fourth wall

Jason
    $1200 4
plasma

Jason
    $1200 9
Octavia Spencer

Triple Stumper
    $1200 21
Antonin Scalia

Triple Stumper
    $1200 26
(Ansel) Adams

Bryan
    $1200 18
[Jason stumbles over the pronunciation; Alex says the name with a French accent.]
(Jason: [Nodding] Mm-hm.)

(Albert) Camus

Jason
    $1200 13
(Jason: What is four piece?)

four bits

JasonJennifer
    $1600 5
the Nuclear Regulatory Commission

Triple Stumper
    $1600 10
Kate Winslet

Jennifer
    $1600 22
Salmon P. Chase

Triple Stumper
    $1600 27
[The end-of-round signal sounds.]

Sex

Jennifer
    $1600 14
petit four

Jennifer
    $5,000 6
(Alex: [*], yes, indeed. They are great proponents of nuclear energy, nuclear power.)

France

Jason
    $2000 11
(Bryan: Who is Thompson?)

Juliette Binoche

JenniferBryan
    $2,000 23
(Alex: Less than a minute to go now.)

(Louis) Brandeis

Jason
    $2000 15
(Alex: That is a [*]. Bathroom term? [*]?)
[Alex cringes, audience laughs]
(Alex: Don't ask!)

a four flusher

Triple Stumper

Scores at the end of the Double Jeopardy! Round:

Jason Jennifer Bryan
$17,000 $13,000 $4,600

[wagering suggestions for these scores]

Final Jeopardy! Round responses

AMERICAN ICONS
BryanWho is Clapton
$4,590
JenniferWho is Prince?
$3,800
JasonWho is Prince?
$10,000
Bob Dylan

Final scores:

Jason Jennifer Bryan
$7,000 $9,200 $10
2nd place: $2,000 New champion: $9,200 3rd place: $1,000

Game dynamics:

Coryat scores:

Jason Jennifer Bryan
$15,800 $13,000 $4,600
22 R
(including 2 DDs),
2 W
(including 1 DD)
13 R,
0 W
12 R,
2 W

Combined Coryat: $33,400

[game clues] [game scores] [suggest correction]

Game tape date: 2012-08-29
The J! Archive is created by fans, for fans. Scraping, republication, monetization, and malicious use prohibited; this site may use cookies and collect identifying information. See terms. The Jeopardy! game show and all elements thereof, including but not limited to copyright and trademark thereto, are the property of Jeopardy Productions, Inc. and are protected under law. This website is not affiliated with, sponsored by, or operated by Jeopardy Productions, Inc. Join the discussion at JBoard.tv.